000
00318nam a2200121 a 4500
005
20141022142000.0
008
090305s19uu xx 00 eng d
050
_a
VHS
_b
M46 2004
245
_a
Medication administration :
_b
Intravenous Medication.
650
_a
VHS.
650
_a
Intravenous Medication
942
_c
AVM
999
_c
276222
_d
276222